000 01316cam a2200373 4500
999 _c24088
_d24088
001 vtls012057042
005 20251215125503.0
008 210604s2021 xo g 010 f slo
020 _a9788022211536
_q(viazané)
040 _aTTKJF
_bslo
_cTTKJF
_dSNK
_erda
041 1 _aslo
_heng
044 _axo
_cSK
072 7 _a821.111-3
_xAnglická próza, anglicky písaná
_2konspekt
080 _a821.111-31
_22011
080 _a(0:82-311.6)
_22011
100 1 _aFollett, Ken,
_d1949-
_4aut
_95351
240 1 4 _aThe Evening and the Morning
_lSlovensky
245 1 0 _aVečer a ráno
_cKen Follett ; z anglického originálu The Evening and the Morning ... preložila Jana Pernišová
250 _aVydanie I.
264 1 _aBratislava
_bTatran
_c2021
300 _a659 strán
_c24 cm
336 _atext
_btxt
_2rdacontent
337 _abez média
_bn
_2rdamedia
338 _azväzok
_bnc
_2rdacarrier
490 1 _aLUK - Knižnica svetových bestsellerov
_v176. zväzok
500 _aObsahuje biografické údaje o autorovi na záložke prebalu knihy
655 7 _aanglické romány
_2SNKPH
_98
655 7 _ahistorické romány
_2SNKPH
_91688
655 7 _aEnglish fiction
_2SNKPHeng
_99
655 7 _aHistorical novels
_2SNKPHeng
_91689
700 1 _aPernišová, Jana
_4trl
_92642
958 _aLX
958 _aUP